| 000 | 00342nam a2200145Ia 4500 | ||
|---|---|---|---|
| 008 | 230312s9999||||xx |||||||||||||| ||und|| | ||
| 020 | _a0-619-03457-2 | ||
| 082 |
_a005.268 _bSPR-M |
||
| 100 | _aStubbs;Gorman | ||
| 245 | 0 | _aOperating Systems | |
| 260 |
_bThomson _aUSA _c2003 |
||
| 300 | _a560 | ||
| 650 |
_aComputer _vComputer |
||
| 942 | _cBK | ||
| 999 |
_c15377 _d15377 |
||